[Event "Mumbai Wealth op 3rd"]
[Site "Mumbai"]
[Date "2018.01.05"]
[Round "7"]
[White "Hend, Pravin"]
[Black "Anant, Prabhudesai"]
[Result "1/2-1/2"]
[WhiteElo "1732"]
[BlackElo "1932"]
[PlyCount "106"]
[EventDate "2017.12.30"]
[EventType "swiss"]
[EventRounds "9"]
[EventCountry "IND"]
[SourceTitle "CBM 182 Extra"]
[Source "ChessBase"]
[SourceDate "2018.02.23"]
[SourceVersion "1"]
[SourceVersionDate "2018.02.23"]
[SourceQuality "1"]

1. e4 c5 2. Nc3 Nc6 3. f4 g6 4. Nf3 Bg7 5. Bb5 Nd4 6. 0-0 Nxb5 7. Nxb5 d5 8. exd5 a6 9. Nc3 Nf6 10. d4 Nxd5 11. dxc5 Nxc3 12. Qxd8+ Kxd8 13. bxc3 Bxc3 14. Rb1 Kc7 15. Rb3 Bf6 16. Bd2 Be6 17. Ba5+ Kc8 18. Ra3 Kd7 19. Rd1+ Ke8 20. Nd4 Bc4 21. Ra4 Bd5 22. c3 Kf8 23. a3 h6 24. Rb4 Kg8 25. Ne2 Bc6 26. Nd4 Bd5 27. Ne2 e6 28. Bc7 Kg7 29. Rb6 Bd8 30. Bxd8 Rhxd8 31. Nd4 Rac8 32. Nb3 Bc6 33. Rd4 Rd5 34. Kf2 e5 35. Rxd5 Bxd5 36. fxe5 Re8 37. Ke3 Rxe5+ 38. Kd4 f6 39. g3 Bf3 40. Na5 Rd5+ 41. Ke3 Rxc5 42. Kxf3 Rxa5 43. Rxb7+ Kf8 44. Ke4 Rxa3 45. c4 Ra5 46. Kd4 Rh5 47. h4 Ke8 48. Ra7 a5 49. c5 Rf5 50. Rxa5 g5 51. hxg5 Rxg5 52. Ra3 Kd7 53. Kc4 Ke6 1/2-1/2

[Event "Mumbai Wealth op 3rd"]
[Site "Mumbai"]
[Date "2018.01.04"]
[Round "6"]
[White "Kavinda, Akila"]
[Black "Hend, Pravin"]
[Result "1-0"]
[WhiteElo "2003"]
[BlackElo "1732"]
[PlyCount "89"]
[EventDate "2017.12.30"]
[EventType "swiss"]
[EventRounds "9"]
[EventCountry "IND"]
[SourceTitle "CBM 182 Extra"]
[Source "ChessBase"]
[SourceDate "2018.02.23"]
[SourceVersion "1"]
[SourceVersionDate "2018.02.23"]
[SourceQuality "1"]

1. Nf3 Nf6 2. c4 g6 3. Nc3 Bg7 4. e4 d6 5. d4 0-0 6. h3 e5 7. d5 Nbd7 8. Bg5 a5 9. g4 Nc5 10. Nd2 c6 11. Be2 h6 12. Be3 cxd5 13. cxd5 Bd7 14. f3 a4 15. h4 h5 16. g5 Ne8 17. Nc4 b5 18. Nxd6 Nxd6 19. Bxc5 Qc7 20. Be3 b4 21. Nb1 Rfc8 22. Nd2 Qc2 23. Qxc2 Rxc2 24. Bd1 Rxb2 25. Bc5 Nb7 26. Nc4 Nxc5 27. Nxb2 a3 28. Nc4 Bb5 29. Be2 b3 30. axb3 Bxc4 31. Bxc4 Bf8 32. Ra2 Nb7 33. Ke2 Bb4 34. Rd1 Nd6 35. Rc1 Nb7 36. Bb5 Nc5 37. Ba4 Kf8 38. Rc4 Rb8 39. Rac2 Na6 40. Rc6 Ra8 41. d6 Ba5 42. d7 Ke7 43. Rc8 Nb4 44. Re8+ Kd6 45. Rd2+ 1-0

[Event "Mumbai Wealth op 3rd"]
[Site "Mumbai"]
[Date "2018.01.03"]
[Round "5"]
[White "Hend, Pravin"]
[Black "Gokhale, Anupama"]
[Result "1-0"]
[WhiteElo "1732"]
[BlackElo "2021"]
[PlyCount "97"]
[EventDate "2017.12.30"]
[EventType "swiss"]
[EventRounds "9"]
[EventCountry "IND"]
[SourceTitle "CBM 182 Extra"]
[Source "ChessBase"]
[SourceDate "2018.02.23"]
[SourceVersion "1"]
[SourceVersionDate "2018.02.23"]
[SourceQuality "1"]

1. e4 e6 2. d4 b6 3. Bd3 Bb7 4. Nd2 d6 5. Qe2 a6 6. Ngf3 g6 7. c3 Bg7 8. Nf1 Nd7 9. Ng3 Ne7 10. h4 h6 11. Be3 c5 12. Rd1 Qc7 13. b4 d5 14. e5 c4 15. Bc2 b5 16. 0-0 a5 17. a3 Nb6 18. h5 axb4 19. axb4 Kd7 20. Ra1 g5 21. Nh2 Rxa1 22. Rxa1 Ra8 23. Qd1 Nc6 24. Ng4 Qd8 25. Qb1 Rxa1 26. Qxa1 Kc8 27. Kh2 Nd7 28. Qc1 f5 29. exf6 Nxf6 30. Qd1 Nd7 31. Qf3 Qe7 32. Ne2 Nd8 33. Qh3 Nf7 34. Kg1 Bc6 35. Bg6 Kb7 36. Ng3 Qf8 37. Ne2 Nd6 38. f4 gxf4 39. Nxf4 e5 40. Ne6 Qe7 41. Nxg7 Qxg7 42. Bxh6 Qe7 43. Be3 exd4 44. Bxd4 Qe1+ 45. Kh2 Ne4 46. Bxe4 Qxe4 47. h6 Qh7 48. Qh5 Nf8 49. Qe5 1-0

[Event "Mumbai Wealth op 3rd"]
[Site "Mumbai"]
[Date "2018.01.02"]
[Round "4"]
[White "Tarini, Goyal"]
[Black "Hend, Pravin"]
[Result "1-0"]
[WhiteElo "2071"]
[BlackElo "1732"]
[PlyCount "125"]
[EventDate "2017.12.30"]
[EventType "swiss"]
[EventRounds "9"]
[EventCountry "IND"]
[SourceTitle "CBM 182 Extra"]
[Source "ChessBase"]
[SourceDate "2018.02.23"]
[SourceVersion "1"]
[SourceVersionDate "2018.02.23"]
[SourceQuality "1"]

1. d4 Nf6 2. c4 c5 3. d5 b5 4. cxb5 a6 5. bxa6 g6 6. Nc3 Bxa6 7. e4 Bxf1 8. Kxf1 d6 9. Nf3 Bg7 10. g3 0-0 11. Kg2 Nbd7 12. Qe2 Qa5 13. Bd2 Rfb8 14. Rhb1 Ne8 15. Nd1 Qa4 16. Bc3 Nef6 17. Nd2 Nb6 18. b3 Qa7 19. a4 Qb7 20. f3 e6 21. dxe6 fxe6 22. a5 Nc8 23. Nc4 Qf7 24. Nf2 d5 25. exd5 exd5 26. Ne5 Qe6 27. Nfd3 d4 28. Nf4 Qa6 29. Qxa6 Rxa6 30. Bd2 Na7 31. Nfd3 Re6 32. f4 Bf8 33. Kf3 Nd5 34. a6 Nc7 35. Nd7 Rb5 36. Nxf8 Kxf8 37. b4 c4 38. Nc5 Re7 39. Re1 c3 40. Rxe7 Kxe7 41. Bc1 Rxb4 42. Ba3 Rc4 43. Nd3+ Ke8 44. Bc5 Ncb5 45. Re1+ Kd8 46. Bb6+ Kc8 47. Nc5 Rxc5 48. Bxc5 d3 49. Re8+ Kd7 50. Re7+ Kc6 51. Bxa7 Nxa7 52. Ke3 d2 53. Ke2 Kb6 54. Rxh7 Kxa6 55. Rxa7+ Kxa7 56. f5 gxf5 57. h4 Kb6 58. h5 Kb5 59. h6 Kb4 60. h7 Kb3 61. h8Q Kc2 62. Qh1 Kb2 63. Kd3 1-0